Представление документа в формате RUSMARC

ПолеНазваниеЗначение
  Тип записи a
  Библиографический уровень m
001 Контрольный номер 7553ff26b2c04d51aa10513916ea7a02
005 Дата корректировки 20150513112238.8
010 Индекс ISBN __
a ISBN 978-5-222-21763-4
d Цена 290,00
101 Язык документа 0_
a Язык текста rus
102 Страна публикации __
a Страна публикации RU
200 Заглавие и сведения об ответственности 1_
a Заглавие Делопроизводство (Документационное обеспечение управления)
b Общее обозначение материала Текст
e Сведения, относящиеся к заглавию Учебник
f Первые сведения об ответственности М. И. Басаков, О. И. Замыцкова
210 Выходные данные 1_
a Место издания Ростов н /Д
c Издательство Феникс
d Дата издания 2014
215 Физическое описание __
a Объем 376с.
225 Серия 2_
a Серия СПО
610 Ключевые слова 0_
a Ключевые слова оформление документов
a Ключевые слова Докуметооборот
686 Индексы других классификаций __
a Классификационный индекс 65.050.2
700 Автор _1
a Фамилия Басаков М. И.
701 Альтернативная интеллектуальная ответственность _1
a Фамилия Замыцкова О. И.
801 Источник записи _0
a Страна RU
b Организация РУК
g Правила каталогизации PSBO
801 Источник записи _1
a Страна RU
b Организация РУК
g Правила каталогизации PSBO
852 Данные о местонахождении __
i Авторский знак Б27
j Шифр хранения 65.050.2
b Сигла хранения УчФ
t Номер экземпляра 1
p Инвентарный номер 180023282
901 Тип документа __
t Тип документа m
937 Технологическая информация __
a Создатель записи (имя) Носкова
938 Служебная информация __
a Название организации Саранский филиал
952 Тип литературы __
c Вид литературы учебник